[Event "ARG-ch Amateur U1700"]
[Site "Suipacha"]
[Date "2019.11.16"]
[Round "3.3"]
[White "Galliano, Jose Luis"]
[Black "Suarez, Jose Maria"]
[Result "1-0"]
[WhiteElo "1593"]
[BlackElo "1648"]
[PlyCount "81"]
[EventDate "2019.11.15"]
[EventType "swiss"]
[EventRounds "8"]
[EventCountry "ARG"]
[SourceTitle "EXT 2024"]
[Source "ChessBase"]
[SourceDate "2023.10.10"]
[SourceVersion "1"]
[SourceVersionDate "2023.10.10"]
[SourceQuality "1"]

1. e4 e6 2. d4 d5 3. exd5 exd5 4. Nf3 Bg4 5. Be2 Nf6 6. Bg5 Be7 7. Nbd2 h6 8. Bh4 0-0 9. 0-0 Ne4 10. Bxe7 Qxe7 11. Nxe4 Qxe4 12. Re1 Qf4 13. Qd2 Qxd2 14. Nxd2 Bf5 15. Bf3 Be6 16. c4 c6 17. cxd5 cxd5 18. Nb3 Nc6 19. Red1 Rac8 20. Rac1 Rfd8 21. Be2 Rc7 22. Bb5 Rdc8 23. Bxc6 Rxc6 24. Rxc6 Rxc6 25. Rc1 Ra6 26. a3 Rb6 27. Rc3 Bf5 28. Kf1 g5 29. Ke2 Bb1 30. Kd2 Ba2 31. Kc2 Bxb3+ 32. Rxb3 Rxb3 33. Kxb3 f5 34. Kb4 Kf7 35. Kc5 Ke6 36. b4 h5 37. f3 f4 38. h3 a6 39. Kb6 Kf5 40. Kxb7 g4 41. h4 1-0